000 00692nam a22002297a 4500
999 _c11029
_d11029
003 AR-CdUCM
008 190402b ||||| |||| 00| 0 spa d
040 _aMUNICIPALIDAD PROVINCIAL DEL CUSCO
_cBIBLIOTECA MUNICIPAL DEL CUSCO
082 _aC / 869.56 /
_bC23K
100 _aCaller, Lizandro
_928089
245 _aKcori Champi :
_bnovela andina /
260 _aCusco :
_bTip. Cornejo,
_c1925.
300 _a2 tomos ;
_c19 cm.
500 _aTexto dos tomos en un solo libro.
505 _aContenido: Novela Andina.
650 _aNovelas Peruanas
_9545
650 _aLiteratura indĂ­gena
_928147
650 _aSiglo XX
_98
650 _aPerĂș
_935
942 _2ddc
_cLIBROS
945 _aachl